[Event "FICGS class D 000207 email"]
[Site "FICGS email"]
[Date "2014.05.10"]
[Round "1"]
[White "Petropoulos, Athanasios"]
[Black "Trigance, Emile"]
[Result "1-0"]
[WhiteElo "1498"]
[BlackElo "1583"]
[PlyCount "59"]
[EventDate "2014.??.??"]
[EventType "tourn (corr)"]
[EventRounds "6"]
[SourceTitle "Corr 2022"]
[Source "ChessBase"]
[SourceDate "2021.10.24"]
[SourceVersion "1"]
[SourceVersionDate "2021.10.24"]
[SourceQuality "1"]

1. d4 e6 2. c4 b6 3. Nf3 Bb7 4. Nc3 Bb4 5. Bd2 Nf6 6. e3 0-0 7. Be2 d5 8. a3 Be7 9. b4 c5 10. bxc5 bxc5 11. 0-0 Nbd7 12. Rb1 Bc6 13. Bd3 dxc4 14. Bxc4 Nd5 15. Nxd5 Bxd5 16. Bxd5 exd5 17. Bc3 Qc7 18. Re1 Bd6 19. Qd2 Nf6 20. dxc5 Bxc5 21. Bxf6 gxf6 22. Qxd5 Bxa3 23. Rb7 Qd6 24. Qb3 a5 25. Rd1 Qc5 26. Rb5 Qe7 27. Rd4 Bb4 28. Rg4+ Kh8 29. Rh5 Rac8 30. Qb1 1-0

[Event "FICGS class D 000207 email"]
[Site "FICGS email"]
[Date "2014.05.10"]
[Round "1"]
[White "Piantadosi, Angelo"]
[Black "Petropoulos, Athanasios"]
[Result "1-0"]
[WhiteElo "1427"]
[BlackElo "1498"]
[PlyCount "83"]
[EventDate "2014.??.??"]
[EventType "tourn (corr)"]
[EventRounds "6"]
[SourceTitle "Corr 2022"]
[Source "ChessBase"]
[SourceDate "2021.10.24"]
[SourceVersion "1"]
[SourceVersionDate "2021.10.24"]
[SourceQuality "1"]

1. e4 c6 2. d4 d5 3. Nc3 dxe4 4. Nxe4 Bf5 5. Ng3 Bg6 6. h4 h6 7. h5 Bh7 8. Nf3 Nd7 9. Bd3 Bxd3 10. Qxd3 Qc7 11. Bd2 0-0-0 12. 0-0-0 Ngf6 13. Ne4 Nxe4 14. Qxe4 Nf6 15. Qe5 Qxe5 16. dxe5 Ne4 17. Be3 Rxd1+ 18. Rxd1 c5 19. Nd2 Nxd2 20. Rxd2 e6 21. c4 Be7 22. Kc2 Rd8 23. Rxd8+ Kxd8 24. b3 a6 25. f4 Kc7 26. g4 b5 27. Kd3 g6 28. Ke4 Bf8 29. hxg6 fxg6 30. f5 exf5+ 31. gxf5 gxf5+ 32. Kxf5 bxc4 33. bxc4 Kd7 34. Kg6 Ke6 35. Bf4 a5 36. a4 Ke7 37. Kf5 Bg7 38. Be3 h5 39. Bxc5+ Kf7 40. Bd4 h4 41. e6+ Kf8 42. e7+ 1-0

[Event "FICGS W-ch st1 g09 email"]
[Site "FICGS email"]
[Date "2014.03.03"]
[Round "1"]
[White "Petropoulos, Athanasios"]
[Black "Josse, Mark"]
[Result "0-1"]
[WhiteElo "1500"]
[BlackElo "1991"]
[PlyCount "50"]
[EventDate "2014.??.??"]
[EventType "tourn (corr)"]
[EventRounds "8"]
[SourceTitle "Corr 2022"]
[Source "ChessBase"]
[SourceDate "2021.10.24"]
[SourceVersion "1"]
[SourceVersionDate "2021.10.24"]
[SourceQuality "1"]

1. d4 Nf6 2. c4 e6 3. Nf3 d5 4. e3 a6 5. Be2 dxc4 6. Bxc4 c5 7. 0-0 b5 8. Be2 Nbd7 9. dxc5 Bxc5 10. b3 0-0 11. Bb2 Bb7 12. a3 Qe7 13. b4 Bd6 14. Bd3 Bxf3 15. Qxf3 Bxh2+ 16. Kh1 Ne5 17. Bxe5 Bxe5 18. Ra2 Rac8 19. Nd2 Rfd8 20. Be4 a5 21. bxa5 Rc3 22. a6 Rxa3 23. Rxa3 Qxa3 24. Qe2 Qa4 25. Bc6 Qh4+ 0-1

[Event "FICGS rapid C 000119 email"]
[Site "FICGS email"]
[Date "2014.03.02"]
[Round "1"]
[White "Petropoulos, Athanasios"]
[Black "Kepinski, Janusz"]
[Result "0-1"]
[WhiteElo "1500"]
[BlackElo "1695"]
[PlyCount "82"]
[EventDate "2014.??.??"]
[EventType "tourn (rapid)"]
[EventRounds "4"]
[SourceTitle "Corr 2022"]
[Source "ChessBase"]
[SourceDate "2021.10.24"]
[SourceVersion "1"]
[SourceVersionDate "2021.10.24"]
[SourceQuality "1"]

1. d4 d5 2. c4 Nc6 3. Nf3 Bg4 4. e3 e6 5. Be2 Nf6 6. 0-0 dxc4 7. Bxc4 Be7 8. Nc3 0-0 9. h3 Bf5 10. Re1 Ne4 11. Nxe4 Bxe4 12. Nd2 Bd5 13. Bxd5 Qxd5 14. Qb3 Rab8 15. Qxd5 exd5 16. a3 f5 17. b4 a6 18. Ra2 Rbe8 19. Nb3 Bd6 20. Rae2 Re7 21. Nc5 Bxc5 22. bxc5 Rfe8 23. f3 Nxd4 24. Rd2 Nb3 25. Rxd5 g6 26. g4 c6 27. Rd3 Nxc5 28. Rc3 Na4 29. Rb3 c5 30. gxf5 gxf5 31. Kh2 c4 32. Rg1+ Kf7 33. Rb4 b5 34. Bb2 Nxb2 35. Rxb2 Rxe3 36. Rd2 Rxf3 37. Rd7+ Re7 38. Rxe7+ Kxe7 39. Rg7+ Kd6 40. Rxh7 Rxa3 41. Rh6+ Kd5 0-1